Elecciones y democracia en Centroamérica: un intento de análisis prospectivo /
Enregistré dans:
| Auteur principal: | |
|---|---|
| Format: | Texte |
| Tags: |
Ajouter un tag
Pas de tags, Soyez le premier à ajouter un tag!
|
MARC
| LEADER | 00000 a a2200000 04500 | ||
|---|---|---|---|
| 001 | 48547 | ||
| 003 | |||
| 040 | |||
| 100 | |a Cerdas Cruz, Rodolfo | ||
| 245 | |a Elecciones y democracia en Centroamérica: |b un intento de análisis prospectivo / |c Rodolfo Cerdas Cruz | ||
| 773 | |g número10, (1998), 19 páginas | ||
| 999 | |c 32208 |d 32208 | ||
